Southville International School and Colleges
Your cart is empty.
  • Cart
  • Lists
    Public lists Eva Luna New books Lux_list list_1
    Your lists Log in to create your own lists
  • Log in to your account
  • Your cookies
  • Search history
Southville International School and Colleges
  • Advanced search
  • Recent comments
  • Most popular
  • Libraries

Log in to your account

Log in with GOOGLE


If you do not have an external account, but do have a local account, you can still log in:

  1. Home
  2. MARC view: CCNP route portable command guide /
Normal view MARC view ISBD view

CCNP route portable command guide / (Record no. 25043)

[ view plain ]
MARC details
000 -LEADER
fixed length control field 00664nam a2200205 a 4500
005 - DATE AND TIME OF LATEST TRANSACTION
control field 20140310183557.0
008 - FIXED-LENGTH DATA ELEMENTS--GENERAL INFORMATION
fixed length control field 111119s19uu xx 00 eng d
020 ## - INTERNATIONAL STANDARD BOOK NUMBER
International Standard Book Number 9781587202490
050 ## - LIBRARY OF CONGRESS CALL NUMBER
Classification number TK 5105.543
Item number .Em47 2010
100 ## - MAIN ENTRY--PERSONAL NAME
Personal name Empson, Scott
245 ## - TITLE STATEMENT
Title CCNP route portable command guide /
Statement of responsibility, etc Scott Empson, Hans Roth.
260 ## - PUBLICATION, DISTRIBUTION, ETC. (IMPRINT)
Place of publication, distribution, etc Indiana, USA :
Name of publisher, distributor, etc CISCO Press,
Date of publication, distribution, etc 2010.
300 ## - PHYSICAL DESCRIPTION
Extent 244 p. :
Other physical details ill. ;
Dimensions 23 cm.
521 ## - TARGET AUDIENCE NOTE
Target audience note
650 ## - SUBJECT ADDED ENTRY--TOPICAL TERM
Topical term or geographic name as entry element Routers (Computer networking)
General subdivision Examinations
-- Study guides
650 ## - SUBJECT ADDED ENTRY--TOPICAL TERM
Topical term or geographic name as entry element Internetworking (Telecommunications)
General subdivision Examinations
-- Study guides
700 ## - ADDED ENTRY--PERSONAL NAME
Personal name Roth, Hans
942 ## - ADDED ENTRY ELEMENTS (KOHA)
Koha item type Books
Source of classification or shelving scheme Library of Congress Classification
Call number prefix Foreign
Holdings
Withdrawn status Lost status Source of classification or shelving scheme Damaged status Home library Current library Shelving location Date acquired Source of acquisition Total Checkouts Full call number Barcode Date last seen Price effective from Koha item type
    Library of Congress Classification   College Library College Library General Circulation Section 11/19/2011 Donation   TK 5105.543 .Em47 2010 C14126 05/15/2018 03/10/2014 Books

CCNP route portable command guide /

APA

Empson S., Roth H., . (2010). CCNP route portable command guide. Indiana, USA: CISCO Press.

Chicago

Empson Scott, Roth Hans, . 2010. CCNP route portable command guide. Indiana, USA: CISCO Press.

Harvard

Empson S., Roth H., . (2010). CCNP route portable command guide. Indiana, USA: CISCO Press.

MLA

Empson Scott, Roth Hans, . CCNP route portable command guide. Indiana, USA: CISCO Press. 2010.

  • Place hold
  • Print
  • Cite
  • Add to your cart (remove)
  • Save record
    BIBTEX Dublin Core MARCXML MARC (non-Unicode/MARC-8) MARC (Unicode/UTF-8) MARC (Unicode/UTF-8, Standard) MODS (XML) RIS
  • More searches
    Search for this title in:
    Other Libraries (WorldCat) Other Databases (Google Scholar) Online Stores (Bookfinder.com) Open Library (openlibrary.org)

Exporting to Dublin Core...

SOUTHVILLE LIBRARY

Southville International School and Colleges Library

1281 Tropical Ave. Cor. Luxembourg St., BF Homes International, Las Pinas City

Tel. No. 8256374 / 252358 Loc. 117/146

Powered by Koha